000 00925nam a22002537a 4500
003 URS
005 20250113172857.0
008 250113b |||||||| |||| 00| 0 eng d
020 _a978-621-427-145-0
040 _bEnglish
_cURS
_erda
050 _aQA76.9.A73
_bP772 2023
100 _91476
_aPomperada, Jake R.
_eauthor.
245 _aIntroduction to application development and emerging technologies /
_cJake R. Pomperada and Jason V. Castellano.
264 _aIntramuros, Manila :
_bUnlimited Books LIbrary Services & Publishing Inc.,
_c©2023.
300 _axiv, 239 pages :
_billustrations ;
_c26 cm.
336 _2rdacontent
_atext
_btxt
337 _2rdamedia
_aunmediated
_bn
338 _2rdacarrier
_avolume
_bnc
504 _aIncludes bibliographical references.
650 0 _aComputer architecture.
_96145
650 0 _aComputer systems.
_96146
700 _aCastellano, Jason V.,
_eauthor.
_96147
942 _2lcc
_cF
999 _c81826
_d81825